Splatoon 3 Weapons - Statistics

General Stats
  • This quiz has been taken 7 times
  • The average score is 46 of 173
Answer Stats
Answer % Correct
aerospray rg
71%
eliter
71%
splattershot
71%
splattershot jr
71%
splooshomatic
71%
96 gal
57%
carbon roller
57%
dualie squelchers
57%
eliter scope
57%
explosher
57%
inkbrush
57%
new squiffer
57%
octobrush
57%
reeflux 450
57%
splat dualies
57%
splatterscope
57%
big swig roller
43%
blaster
43%
carbon roller deco
43%
clash blaster
43%
classic squiffer
43%
custom blaster
43%
custom eliter
43%
custom eliter scope
43%
dapple dualies
43%
heavy splatling
43%
heavy splatling deco
43%
jet squelcher
43%
nzap 89
43%
range blaster
43%
reeflux 450 milk
43%
slosher
43%
splashomatic
43%
splatana wiper
43%
splat brella
43%
splat roller
43%
splattershot pro
43%
trislosher
43%
tristringer
43%
undercover brella
43%
zf splat charger
43%
52 gal
29%
96 gal deco
29%
aerospray mg
29%
bamboozler mk1
29%
bamboozler mk2
29%
bloblobber
29%
bulbz tristringer
29%
charcoal decavitator
29%
colorz aerospray
29%
custom explosher
29%
custom jet squelcher
29%
custom wellstring v
29%
douser dualies ff
29%
dread wringer
29%
dynamo roller
29%
enperry splat dualies
29%
flingza roller
29%
foil flingza roller
29%
gold dynamo roller
29%
goo tuber
29%
h3 nozzlenose
29%
hydra splatling
29%
inkbrush nouveau
29%
inkline tristringer
29%
krakon splat roller
29%
l3 nozzlenose
29%
luna blaster
29%
mini splatling
29%
mint decavitator
29%
nautilus 79
29%
neo splashomatic
29%
neo splooshomatic
29%
nzap 85
29%
painbrush
29%
planetz big swig roller
29%
rapid blaster
29%
rapid blaster pro
29%
reeflux 450 deco
29%
sblast 91
29%
sblast 92
29%
sloshing machine
29%
sorella brella
29%
splatana stamper
29%
splat charger
29%
squeezer
29%
tenta brella
29%
twinklez splat dualies
29%
wellstring v
29%
zink mini splatling
29%
52 gal deco
14%
annaki splattershot nova
14%
ballpoint splatling
14%
ballpoint splatling nouveau
14%
big swig roller express
14%
bloblobber deco
14%
carbon roller angl
14%
clash blaster neo
14%
clawz 96 gal
14%
cometz octobrush
14%
custom douser dualies ff
14%
custom dualie squelchers
14%
custom goo tuber
14%
custom hydra splatling
14%
custom range blaster
14%
custom splattershot jr
14%
dapple dualies noct
14%
dapple dualies nouveau
14%
dark tetra dualies
14%
dread wringer d
14%
foil squeezer
14%
forge splattershot pro
14%
glamorz splattershot
14%
gleamz blaster
14%
glitterz l3 nozzlenose
14%
glooga dualies
14%
glooga dualies deco
14%
h3 nozzlenose d
14%
h3 nozzlenose vipr
14%
heavy edit splatling
14%
heavy edit splatling nouveau
14%
hero shot replica
14%
hoofz dualie squelchers
14%
hornz dread wringer
14%
jet squelcher cobr
14%
l3 nozzlenose d
14%
light tetra dualies
14%
luna blaster neo
14%
mini splatling rtlr
14%
nautilus 47
14%
octobrush nouveau
14%
octo shot replica
14%
order blaster replica
14%
order brella replica
14%
orderbrush replica
14%
order charger replica
14%
order dualie replicas
14%
order roller replica
14%
order shot replica
14%
order slosher replica
14%
order splatana replica
14%
order splatling replica
14%
order stringer replica
14%
painbrush brnz
14%
painbrush nouveau
14%
patternz undercover brella
14%
rapid blaster deco
14%
rapid blaster pro deco
14%
rapid blaster pro wntr
14%
recycled brella mk1
14%
recycled brella mk2
14%
slosher deco
14%
sloshing machine neo
14%
snipewriter 5b
14%
snipewriter 5h
14%
splashomatic gcko
14%
splatana stamper nouveau
14%
splatana wiper deco
14%
splatana wiper rust
14%
splat charger camo
14%
splatterscope camo
14%
splattershot nova
14%
splattershot pro frzn
14%
starz dynamo roller
14%
stickerz splatana stamper
14%
tenta brella crem
14%
tenta sorella brella
14%
tentatek splattershot
14%
torrentz hydra splatling
14%
trislosher ashn
14%
trislosher nouveau
14%
undercover sorella brella
14%
zf splatterscope
14%
No matching quizzes found
Score Distribution
Percent of People with Each Score
Percentile by Number Answered
Your Score History
You have not taken this quiz